000 00344nam a2200133Ia 4500
005 20260328104334.0
008 260328s9999||||xx |||||||||||||| ||und||
100 _aDodds, James
245 0 _aBuilding The Wooden Fighting Ship /
_cJames Dodds
260 _bGreenhill book
300 _a128 p.
650 _aDESCRIPCIƓN Y VIAJES
942 _cBK
999 _c11807
_d11807